|
|
|
|
| LEADER |
00993nam a2200265 a 4500 |
| 001 |
14371 |
| 003 |
BD-DhAAL |
| 008 |
090406s1997 enka b 001 0 eng d |
| 999 |
|
|
|c 91
|d 91
|
| 010 |
|
|
|a \\\97028964
|
| 020 |
|
|
|a 0192892754 (pbk.)
|
| 040 |
|
|
|a DLC
|c DLC
|d DLC
|d BD-DhAAL
|
| 082 |
0 |
0 |
|a 111.85
|2 21
|
| 245 |
0 |
0 |
|a Aesthetics /
|c edited by Susan L. Feagin and Patrick Maynard.
|
| 260 |
|
|
|a Oxford ;
|a New York :
|b Oxford University Press,
|c 1997.
|
| 300 |
|
|
|a vii, 418 pages :
|b illustrations ;
|c 21 cm.
|
| 490 |
0 |
|
|a Oxford readers
|
| 504 |
|
|
|a Includes bibliographical references (pages [390]-394) and index.
|
| 541 |
1 |
|
|e 14371
|
| 650 |
|
0 |
|a Aesthetics.
|9 33333
|
| 700 |
1 |
|
|a Feagin, Susan L.,
|d 1948-
|9 33334
|
| 700 |
1 |
|
|a Maynard, Patrick,
|d 1939-
|9 33335
|
| 852 |
4 |
|
|a Ayesha Abed Library
|j General Stacks
|
| 942 |
|
|
|2 ddc
|c BK
|
| 952 |
|
|
|0 0
|1 0
|2 ddc
|4 0
|6 111_850000000000000_AES
|7 0
|9 82
|a BRACUL
|b BRACUL
|c GEN
|d 2009-04-28
|g 1205.00
|l 2
|m 5
|o 111.85 AES
|p 3010014371
|r 2022-08-22
|s 2022-08-17
|t 1
|w 2009-04-28
|y BK
|